Kariera klubowa Cesca Fabregasa - Statystyki

Ogólne statystyki
  • Ten quiz został rozwiązany 434 razy
  • Średni wynik to 4 z 6
Statystyki odpowiedzi
Lata gry Klub % Poprawnych
2011 - 2014 FC Barcelona
95%
2003 - 2011 Arsenal
92%
2014 - 2019 Chelsea
88%
2022 - 2023 Como
63%
2019 - 2022 AS Monaco
54%
2022 AS Monaco II
54%
Nie znaleziono quizów pasujących do podanych kryteriów
Rozkład punktacji
Procent ludzi z każdym wynikiem
Percentyl według liczby udzielonych odpowiedzi
Twoja historia wyników
Nie rozwiązałeś tego quizu